000 00342 a2200157 4500
001 164605
020 _a
040 _cMagnum
100 _aMurgel Branco, Samuel
240 1 0 _aAgua: origem, uso e preservacao
_lpor
245 1 0 _aAgua: origem, uso e preservacao
362 0 _a1899
440 1 _aModerna
697 _aGERAL
942 _cBK
999 _c164605
_d164605